000 00396nam a22001697a 4500
005 20260408110655.0
008 160627b xxu||||| |||| 00| 0 eng d
020 _a0-00-617730-1
041 _aeng
082 _a813.54
100 _aClancy, Tom
_98940
245 _aClear and Present Danger
260 _bHammer Swith
_c1993
300 _a816
650 _aAmerican fiction
_98938
942 _cBK
999 _c4187
_d4186